000
00312nam a2200133Ia 4500
999
_c
104
_d
104
082
_a
WB 102
_b
GAM
100
_a
Gami,N.K.
245
0
_a
Bedside Clinical Medicine (SSH)
_c
Gami,N.K.
250
_a
2nd
260
_a
New Delhi India
_b
Jaypee Brothers
_c
1995
300
_a
432
650
_a
Medicine
942
_c
BK
_2
ddc